00559 2200181 4500001002100000005001500021035002000036245012200056100001600178250002000194300002600214856003600240700001600276260003700292082001000329084001600339020002200355INLIS00000000000049320200305032249 a0010-03200000621 aFabel pembentuk karakter kisah-kisah hewan unik :bMembentuk kepribadian. mengasah emosi dan imajinasi /cUngu Lianza0 aUngu Lianza aCetakan Pertama a207 hlm ;c17 x 24 cm aPerpustakaan Umum Kota Makassar0 aTin Zulaeha aSurakarta :bVisi Mandiri,c2017 a741.5 a741.5 UNG f a978-602-61805-3-7